A History of Indian Literature: (Record no. 193027)

MARC details
000 -LEADER
fixed length control field 00626nam a22001817a 4500
005 - DATE AND TIME OF LATEST TRANSACTION
control field 20230926122834.0
010 ## - LCCN (DPL NO)
LC control number ENG-135404
020 ## - INTERNATIONAL STANDARD BOOK NUMBER
International Standard Book Number 9788172010065
Terms of availability 450.00
035 ## - SYSTEM CONTROL NUMBER
System control number EN-118936
037 ## - SOURCE OF ACQUISITION
Source of stock number/acquisition DBAD/PUB
082 ## - DEWEY DECIMAL CLASSIFICATION NUMBER
Classification number 880.1
100 ## - MAIN ENTRY--PERSONAL NAME
Personal name Das, Sisir Kumar
245 ## - TITLE STATEMENT
Title A History of Indian Literature:
Remainder of title 1800-1910 Western Impact: Indian Response/
Statement of responsibility, etc By Sisir Kumar Das
260 ## - PUBLICATION, DISTRIBUTION, ETC. (IMPRINT)
Place of publication, distribution, etc New Delhi
Name of publisher, distributor, etc Sahitya Akademi
Date of publication, distribution, etc 2015
270 ## - ADDRESS
Address Rabindra Bhawan, 35, Ferozeshah Road
City New Delhi
Postal code 110001
Electronic mail address ds.sales@sahitya-akademi.gov.in
300 ## - PHYSICAL DESCRIPTION
Extent 815p.
Other physical details Index
Dimensions 25cm(hb)
942 ## - ADDED ENTRY ELEMENTS (KOHA)
Source of classification or shelving scheme Dewey Decimal Classification
Item type English Books
Call number suffix DAS
Classification part 880.1
Holdings
Withdrawn status Lost status Not for loan Collection code Home library Current library Date acquired Source of acquisition Cost, normal purchase price Full call number Barcode Copy number Cost, replacement price Koha item type
      Non-fiction D.B.Act.Division Mobile Library 14/10/2022 DBAD/PUB 450.00 880.1 DAS EN-118936 1 450.00 English Books

© Delhi Public Library
Hit Counter
free hit counter